Score 0/34 Timer 04:00
4 Plays Today
Header Answer % Correct
DOG'S TASK🐶 WOLF 🐶
98.1%
DOG'S TASKWOOF
97.1%
DOG'S TASKWOOL
96.5%
DOG'S TASKTOWN
93%
DOG'S TASKDAWN
93%
DOG'S TASK🐶 DOWN 🐶
92%
CAT'S TASKFIST
89.9%
DOG'S TASK🐶 HOME 🐶
89.7%
DOG'S TASKDOME
89.5%
CAT'S TASKBOAR
89.3%
DOG'S TASKDAME
89.1%
CAT'S TASK🐱 NEAR 🐱
88.7%
DOG'S TASKTOON
88.5%
CAT'S TASKFIAT
87.5%
CAT'S TASK🐱 DOOR 🐱
87.5%
DOG'S TASKDARE
87.5%
DOG'S TASKDARN
87.4%
Header Answer % Correct
DOG'S TASKTOOL
86.6%
CAT'S TASKBEAR
84.9%
CAT'S TASKNEAT
84.4%
CAT'S TASKLIFT
83.4%
CAT'S TASKBOOR
83.2%
CAT'S TASKLEFT
82.5%
DOG'S TASK🐶 WORK 🐶
82.4%
CAT'S TASKFRAT
74.8%
CAT'S TASK🐱 GIFT 🐱
74.6%
CAT'S TASKGIST
74%
CAT'S TASKHEAT
70.4%
DOG'S TASKWORE
69.5%
CAT'S TASK🐱 DRAG 🐱
68.7%
CAT'S TASKHEFT
68.6%
CAT'S TASKFRAG
66%
DOG'S TASKWOVE
61%
DOG'S TASKHOVE
59.6%

Today's Daily Dose

You're not logged in!

Compare scores with friends on all Sporcle quizzes.
OR
Log In

Sporcle TV

Today on Sporcle TV


Watch our educational content, quiz creation guides, and fun videos on Sporcle TV.

Show Comments

Extras

Top Quizzes Today


Score Distribution

Your Account Isn't Verified!

In order to create a playlist on Sporcle, you need to verify the email address you used during registration. Go to your Sporcle Settings to finish the process.

Report this User

Report this user for behavior that violates our Community Guidelines.

Details: